|
|
|
|
| LEADER |
00631nam a2200181 i 4500 |
| 001 |
c000099024 |
| 003 |
CARM |
| 005 |
00000000000000.0 |
| 008 |
870303s1930 ukk 00001 eng d |
| 019 |
1 |
|
|a 5545416
|5 LACONCORD2021
|
| 035 |
|
|
|a (OCoLC)9060881
|5 LACONCORD2021
|
| 100 |
1 |
|
|a Boileau, Ethel.
|
| 245 |
0 |
4 |
|a The arches of the years.
|
| 260 |
|
|
|a Lond. :
|b Hutchinson,
|c [1930].
|
| 300 |
|
|
|a 288p.
|
| 852 |
8 |
|
|b CARM
|h A2:AI33G0
|i A01950
|p 0129082
|f BK
|
| 999 |
f |
f |
|i 21ffc5ca-4a47-5ea4-9cc1-445b64bd85c3
|s a402fea6-826c-5641-9eea-1737d5bae1b1
|
| 952 |
f |
f |
|p Can circulate
|a CAVAL
|b CAVAL
|c CAVAL
|d CARM 1 Store
|e A01950
|f A2:AI33G0
|h Other scheme
|i book
|m 0129082
|